Normal view
MARC view
Entry Personal Name
001 - CONTROL NUMBER
- control field: 2744
003 - CONTROL NUMBER IDENTIFIER
- control field: ARRUPE
005 - DATE AND TIME OF LATEST TRANSACTION
- control field: 20131023122407.0
008 - FIXED-LENGTH DATA ELEMENTS
- fixed length control field: 131023|| aca||aabn | a|a d
040 ## - CATALOGING SOURCE
- Original cataloging agency: ARRUPE
- Transcribing agency: ARRUPE
100 ## - HEADING--PERSONAL NAME
- Personal name: Ryan, Laurence.
670 ## - SOURCE DATA FOUND
- Source citation: Work cat.: (ARRUPE)0: Ryan, Laurence 2740, Good news in a divided society :, 1992.